Government in the federal republic of Germany:the executive at work (Record no. 421948)

000 -LEADER
fixed length control field 00471cam a22001457a 4500
008 - FIXED-LENGTH DATA ELEMENTS--GENERAL INFORMATION
fixed length control field 180718b1973 xxu||||| |||| 00| 0 eng d
020 ## - INTERNATIONAL STANDARD BOOK NUMBER
International Standard Book Number 0 08 017699 2
082 ## - DEWEY DECIMAL CLASSIFICATION NUMBER
Classification number B5x43 J635
100 ## - MAIN ENTRY--PERSONAL NAME
Personal name Johnson, Nevil
245 ## - TITLE STATEMENT
Title Government in the federal republic of Germany:the executive at work
Statement of responsibility, etc. by Nevil Johnson
260 ## - PUBLICATION, DISTRIBUTION, ETC.
Place of publication, distribution, etc. Oxford
Name of publisher, distributor, etc. Pergamon
Date of publication, distribution, etc. 1973
300 ## - PHYSICAL DESCRIPTION
Extent xv, 218p
650 ## - SUBJECT ADDED ENTRY--TOPICAL TERM
Topical term or geographic name entry element Federal government --Germany (West).
650 ## - SUBJECT ADDED ENTRY--TOPICAL TERM
Topical term or geographic name entry element Executive departments --Germany (West)
Holdings
Withdrawn status Lost status Damaged status Not for loan Permanent Location Current Location Date acquired Full call number Barcode Date last seen Price effective from Koha item type
        Indian Institute of Public Administration Indian Institute of Public Administration 2009-08-10 B5x43 J635 49301 2018-07-21 2018-07-21 Book

Powered by Koha